MARC

LEADER 00000nam0a2200000 4500
001 51570
005 20231031040129.0
035 |a (RuTPU)RU\TPU\book\53993 
090 |a 51570 
100 |a 20030505d1984 k y0rusy5003 ca 
101 0 |a rus 
102 |a RU 
105 |a a z 001zy 
200 1 |a Эффективность АСУ теплоэнергетическими процессами  |f А. С. Корецкий, Э. К. Ринкус, Ю. Р. Остер-Миллер и др.  |g Под ред. А. С. Корецкого и Э. К. Ринкуса 
210 |a Москва  |c Энергоатомиздат  |d 1984 
215 |a 316 с.  |c ил. 
610 1 |a тепловые электрические станции 
610 1 |a автоматизированные системы управления 
610 1 |a автоматические системы 
610 1 |a АСУ 
610 1 |a теплоэнергетические процессы 
610 1 |a эффективность 
610 1 |a тепловые электростанции 
610 1 |a АСУ ТП 
610 1 |a сложности 
610 1 |a экономичность 
610 1 |a надежность 
610 1 |a энергоблоки 
610 1 |a аварийные режимы 
610 1 |a оперативный персонал 
610 1 |a экономический эффект 
610 1 |a управление 
610 1 |a теплосиловое оборудование 
610 1 |a автоматическое управление 
675 |a 621.311.22.002.5:621.1  |z rus 
701 1 |a Корецкий  |b А. С.  |g Альберт Самуилович 
701 1 |a Ринкус  |b Э. К.  |g Эгмонт Карлович 
701 1 |a Остер-Миллер  |b Ю. Р.  |g Юрий Рудольфович 
701 1 |a Федотов  |b Д. К. 
701 1 |a Ротач  |b В. Я. 
702 1 |a Корецкий  |b А. С.  |g Альберт Самуилович  |4 340 
702 1 |a Ринкус  |b Э. К.  |g Эгмонт Карлович  |4 340 
801 0 |a RU  |b RuMRKP  |c 19950704  |g psbo 
801 1 |a RU  |b 63413507  |c 20030505  |g PSBO 
801 2 |a RU  |b 63413507  |c 20150526  |g PSBO 
942 |c BK